| 000 | 00786nam a2200253Ia 4500 | ||
|---|---|---|---|
| 003 | OSt | ||
| 005 | 20220924123700.0 | ||
| 006 | a|||||r|||| 00| 0 | ||
| 007 | ta | ||
| 008 | 220923b |||||||| |||| 00| 0 urd d | ||
| 020 | _cINR 150.00 | ||
| 024 | _a354521 | ||
| 037 |
_bTB4992, 29/12/2021, Technical Bureau India Pvt. Ltd. _cTextual |
||
| 040 |
_aARTS _cARTS _burd |
||
| 041 |
_2urd _aurd |
||
| 082 | _aO168,1L97x, P3 | ||
| 100 | _aGhalib Asadullah Khan Au. | ||
| 245 | 0 | _aDeewan-e-Ghalib | |
| 260 |
_aNew Delhi _b Ghalib insturdte India _c2003 |
||
| 300 |
_a256p. _ccm. |
||
| 650 | _aURDU POETRY | ||
| 942 |
_hO168,1L97x, P3 _cTEXL _2CC |
||
| 999 |
_c416696 _d416696 |
||